000 00397nam a22001697a 4500
005 20160531093538.0
008 160531b xxu||||| |||| 00| 0 eng d
020 _a0-07-058511-33
041 _aeng
082 _b6215
100 _aSpiro, Rosann L and others
_91562
245 _aManagement of a Sales Force
260 _bTMH
_c2004
300 _a546
650 _aManagement
_9241
942 _cBK
999 _c2202
_d2201